Mathematical Statistics/ (Record no. 38788)

MARC details
000 -LEADER
fixed length control field 00698nam a22002057a 4500
005 - DATE AND TIME OF LATEST TRANSACTION
control field 20100802162314.0
010 ## - LCCN (DPL NO)
LC control number ENG-97800
020 ## - INTERNATIONAL STANDARD BOOK NUMBER
International Standard Book Number 9789380173733
Terms of availability 125.00
035 ## - SYSTEM CONTROL NUMBER
System control number EN-81333
037 ## - SOURCE OF ACQUISITION
Source of stock number/acquisition DBAD/PUB
082 ## - DEWEY DECIMAL CLASSIFICATION NUMBER
Classification number 519.5
100 ## - MAIN ENTRY--PERSONAL NAME
Personal name Nagaraja, S.
245 ## - TITLE STATEMENT
Title Mathematical Statistics/
Statement of responsibility, etc by S. Nagaraja
260 ## - PUBLICATION, DISTRIBUTION, ETC. (IMPRINT)
Place of publication, distribution, etc Koradacheri
Name of publisher, distributor, etc Aruma Publishers
Date of publication, distribution, etc 2009
270 ## - ADDRESS
Address 35, Gandhi Colony
City Koradacheri
Postal code 613703
300 ## - PHYSICAL DESCRIPTION
Extent 109p.
Dimensions 20cm (pbk)
650 ## - SUBJECT ADDED ENTRY--TOPICAL TERM
Topical term or geographic name as entry element Mathematic Statistics
942 ## - ADDED ENTRY ELEMENTS (KOHA)
Source of classification or shelving scheme Dewey Decimal Classification
Item type English Books
Classification part 519.5
Call number suffix NAG
Holdings
Withdrawn status Lost status Not for loan Collection code Home library Current library Date acquired Source of acquisition Cost, normal purchase price Full call number Barcode Copy number Cost, replacement price Koha item type
    Not For Loan Non-fiction D.B.Act.Division D.B.Act.Division 02/08/2010 DBAD/PUB 125.00 519.5 NAG EN-81333 1 125.00 English Books

© Delhi Public Library
Hit Counter
free hit counter